Derecho de autor y propiedad industrial: nuevas disposiciones constitucionales
Guardat en:
| Autor principal: | |
|---|---|
| Format: | Llibre |
| Idioma: | espanyol |
| Publicat: |
Santiago
Jurídica de Chile
1979
|
| Matèries: | |
| Etiquetes: |
Afegir etiqueta
Sense etiquetes, Sigues el primer a etiquetar aquest registre!
|
MARC
| LEADER | 00000nam a2200000 a 4500 | ||
|---|---|---|---|
| 001 | UCV2065 | ||
| 003 | CL-VaPUC | ||
| 008 | 911004e19790000CL |||||||||||||||||spa|d | ||
| 082 | 0 | 4 | |a 346.048 |b LAR |2 21 |
| 100 | |a Larraguibel Zavala, Santiago |e author |9 767429 | ||
| 245 | 1 | 0 | |a Derecho de autor y propiedad industrial: nuevas disposiciones constitucionales |
| 300 | |a 364 p | ||
| 942 | |c BK | ||
| 945 | |d 19911004 00:00:00 | ||
| 260 | |a Santiago |b Jurídica de Chile |c 1979 | ||
| 650 | 0 | |a Propiedad industrial |9 255086 | |
| 650 | 7 | |a DERECHOS DE AUTOR |2 CL-VaPUC |9 255076 | |
| 651 | 7 | |a CHILE |2 CL-VaPUC |9 296289 | |
| 583 | |a last modification |c 19911004 00:00:00 |k Rodrigo Vera | ||
| 999 | |c 209753 |d 209751 | ||
| 952 | |0 0 |1 0 |4 0 |6 346_048000000000000_LAR_1979 |7 0 |8 A |9 185473 |a BIBDER |b BIBDER |d 2019-11-14 |i 2529572 |l 1 |o 346.048 LAR 1979 |p 2529572 |r 2023-01-25 |s 2022-10-12 |w 2019-11-14 |y BK |k DER | ||